Pokémon by Picture: Generation II - Statistics

General Stats
  • This quiz has been taken 10,668 times
  • The average score is 73 of 100
Answer Stats
Picture Answer % Correct
Chikorita
92%
Pichu
90%
Cyndaquil
88%
Umbreon
87%
Totodile
86%
Bayleef
85%
Espeon
85%
Togepi
85%
Hoothoot
84%
Slowking
84%
Steelix
83%
Mareep
82%
Typhlosion
82%
Cleffa
81%
Sudowoodo
81%
Crobat
79%
Ho-Oh
79%
Marill
79%
Natu
79%
Houndoom
78%
Lugia
78%
Meganium
78%
Unown
78%
Wooper
78%
Xatu
78%
Azumarill
76%
Celebi
76%
Noctowl
76%
Ampharos
75%
Furret
75%
Heracross
75%
Miltank
75%
Murkrow
75%
Porygon2
75%
Quilava
75%
Entei
74%
Feraligatr
74%
Igglybuff
74%
Ledyba
74%
Teddiursa
74%
Togetic
74%
Tyranitar
74%
Wobbuffet
74%
Aipom
73%
Hitmontop
73%
Quagsire
73%
Scizor
73%
Sentret
73%
Slugma
73%
Suicune
73%
Kingdra
72%
Pineco
72%
Ursaring
72%
Croconaw
71%
Elekid
71%
Girafarig
71%
Larvitar
71%
Misdreavus
71%
Spinarak
71%
Hoppip
70%
Houndour
70%
Skarmory
70%
Sunkern
70%
Dunsparce
69%
Raikou
69%
Sneasel
69%
Sunflora
69%
Swinub
69%
Yanma
69%
Delibird
68%
Flaaffy
68%
Gligar
68%
Lanturn
68%
Phanpy
68%
Shuckle
68%
Bellossom
67%
Pupitar
67%
Snubbull
67%
Blissey
66%
Piloswine
66%
Politoed
66%
Ariados
65%
Corsola
65%
Granbull
65%
Ledian
65%
Magby
65%
Octillery
64%
Stantler
64%
Chinchou
63%
Jumpluff
63%
Smeargle
63%
Donphan
62%
Forretress
62%
Magcargo
62%
Mantine
62%
Remoraid
62%
Smoochum
61%
Tyrogue
61%
Qwilfish
60%
Skiploom
59%
No matching quizzes found
Score Distribution
Percent of People with Each Score
Percentile by Number Answered
Your Score History
You have not taken this quiz